000 00556nam a2200193Ia 4500
005 20250326145101.0
008 250326s9999 xx 000 0 und d
037 _aTextbook
040 _aFMSL
_beng
_cFMSL
041 _aeng
_2eng
084 _aX:77.2 P8
_qFMSL
100 _aSubramanian A
_9750608
245 0 _aIndia's turn : understaning the economic transformation
_cSubramanian A
260 _aNew Delhi
_bNew Delhi, oxford
_c2008
365 _b250.75
650 _aManagement
942 _cTB
_hX:77.2 P8
999 _c1306311
_d1306311